00361nam a22001337a 450000500170000000800410001704100120005808200120007010000150008224500270009726000460012430000320017065000250020220240730131244.0240730b |||||||| |||| 00| 0 eng d aEnglish a349 SUP lEnglish  aSupreme Court Reports  aCape Town: bJuta and Company Ltd,c1911  blxiv, 1050 pages; c25 cm.  aLegal practice bLaw